Guide to housing finance : (Record no. 137772)

MARC details
000 -LEADER
fixed length control field 00683nam a22002057a 4500
005 - DATE AND TIME OF LATEST TRANSACTION
control field 20170222131450.0
010 ## - LCCN (DPL NO)
LC control number ENG-117299
020 ## - INTERNATIONAL STANDARD BOOK NUMBER
Terms of availability 3500.00
International Standard Book Number 9789351433255
035 ## - SYSTEM CONTROL NUMBER
System control number EN-100831
037 ## - SOURCE OF ACQUISITION
Source of stock number/acquisition DBAD/PUB
082 ## - DEWEY DECIMAL CLASSIFICATION NUMBER
Classification number 363.582
100 ## - MAIN ENTRY--PERSONAL NAME
Personal name Kothari,Vinod
245 ## - TITLE STATEMENT
Title Guide to housing finance :
Statement of responsibility, etc by Vinod Kothari
Remainder of title a comprehensive and analytical commentary on mortagge lending /
250 ## - EDITION STATEMENT
Edition statement 2nd ed
260 ## - PUBLICATION, DISTRIBUTION, ETC. (IMPRINT)
Place of publication, distribution, etc Gurgaon
Name of publisher, distributor, etc Lexis Nexis
Date of publication, distribution, etc 2017
270 ## - ADDRESS
Address 14th Floor Building N0-10,Tower-B,DLF Cyber City Phase-II
City Gurgaon (Haryana)
Postal code 122002
300 ## - PHYSICAL DESCRIPTION
Extent Ivi,662p.
Dimensions 24cm(pbk)
Other physical details ill
500 ## - GENERAL NOTE
General note Includes index
942 ## - ADDED ENTRY ELEMENTS (KOHA)
Source of classification or shelving scheme Dewey Decimal Classification
Item type English Books
Classification part 363.582
Call number suffix KOT
Holdings
Withdrawn status Lost status Not for loan Collection code Home library Current library Date acquired Source of acquisition Cost, normal purchase price Full call number Barcode Copy number Cost, replacement price Koha item type
      Non-fiction Shahdara Branch Shahdara Branch 22/02/2017 DBAD/PUB 3500.00 363.582 KOT EN-100831 1 3500.00 English Books

© Delhi Public Library
Hit Counter
free hit counter